000
00313nam a2200145Ia 4500
100
_a
Sabnis/ Anupa
942
_c
BK
654
_a
Digital signal
245
_a
Digital signal processing
260
_b
Nandu Pub
_a
New Delhi
_c
1999
082
_a
621.3822
_b
SAB
300
_a
263
546
_a
ENGLISH
999
_c
24143
_d
24143